[Event "1st Autumn"]
[Site "Alushta UKR"]
[Date "2004.09.02"]
[Round "8"]
[White "Obukhov,A"]
[Black "Ovetchkin,R"]
[Result "1/2-1/2"]
[WhiteElo "2475"]
[BlackElo "2475"]

1.Nf3 d5 2.g3 Bg4 3.Bg2 Nd7 4.c4 e6 5.cxd5 exd5 6.O-O c6 7.d3 Bc5 8.Qb3 Bb6
9.Nc3 Ne7 10.Na4 O-O 11.Nxb6 axb6 12.h3 Bxf3 13.Bxf3 Nc5 14.Qc2 Qd6 15.Bg2 d4
16.Bd2 Nd5 17.a4 Rfe8  1/2-1/2

[Event "1st Autumn"]
[Site "Alushta UKR"]
[Date "2004.09.04"]
[Round "11"]
[White "Paragua,M"]
[Black "Hasangatin,R"]
[Result "1-0"]
[WhiteElo "2529"]
[BlackElo "2485"]

1.Nf3 d5 2.g3 c6 3.Bg2 Bf5 4.O-O e6 5.d3 Nf6 6.Nbd2 h6 7.b3 Nbd7 8.Bb2 Be7
9.Qe1 Bh7 10.e4 O-O 11.Qe2 a5 12.a3 b5 13.Kh1 Qb6 14.Nh4 a4  1-0

[Event "TCh-SCG Women"]
[Site "Budva SCG"]
[Date "2004.09.08"]
[Round "1"]
[White "Chelushkina,I"]
[Black "Miloradovic,J"]
[Result "1-0"]
[WhiteElo "2373"]
[BlackElo "2158"]

1.g3 d5 2.Nf3 Nf6 3.Bg2 c6 4.O-O Bg4 5.Ne5 Bh5 6.d4 e6 7.c4 Nbd7 8.Nc3 Be7
9.cxd5 Nxe5 10.dxe5 Nxd5 11.Nxd5 cxd5 12.Be3 Qa5 13.a3 Qb5 14.Re1 O-O 15.a4 Qa6
16.Qd2 Rfc8 17.Bf1 Rc4 18.Rec1 Bb4 19.Qd1 Rac8 20.Rxc4 Rxc4 21.Rc1 b6 22.Rxc4 Qxc4
23.Bd4 Bc5 24.Bxc5 Qxc5 25.Qd2 h6 26.b4 Qc7 27.f4 Bg6 28.e3 Be4 29.Be2 Kf8
30.Kf2 Ke7 31.a5 Qc2 32.Qxc2 Bxc2 33.Ke1 bxa5 34.bxa5 Ba4 35.Kd2 Kd7 36.Kc3 Kc7
37.Kb4 Bd7 38.Kc5 Ba4 39.h4 Be8 40.Bd1 Bd7 41.Bc2 Be8 42.f5 g6 43.f6 g5 44.e4 gxh4
45.gxh4 dxe4 46.Bxe4 Ba4 47.Bd3 Bd7 48.Bc4 Be8 49.Be2 Bd7 50.Bd1 Be8 51.Bc2 Bc6
52.Kd4 Bb5 53.Ke3 Kb7 54.Bb3 Bd7 55.Bc4 Kc6 56.Kd4 Bc8 57.Be2 Bd7 58.Kc4 Kc7
59.Bd1 Bc6 60.Kd4 Bb5 61.Bb3 Bd7 62.Ke4 Kd8 63.Kf4 Bb5 64.Ke3 Bd7 65.Bc2 Kc7
66.Kf3 Bb5 67.Kf4 Kb7 68.Bb3 Bd7 69.Kg4 Ka6 70.Kh5 Kxa5 71.Kxh6 Kb4 72.Bd1 a5
73.Kg7 Kc4 74.h5 a4 75.Bxa4 Bxa4 76.h6 Bc2 77.Kxf7 Kd5 78.Kg7  1-0

[Event "8th WUCC"]
[Site "Instanbul TUR"]
[Date "2004.09.08"]
[Round "6"]
[White "Kuemin,S"]
[Black "Battulga,N"]
[Result "1/2-1/2"]
[WhiteElo "2392"]
[BlackElo "2180"]

1.Nf3 d5 2.g3 c6 3.Bg2 Nd7 4.O-O e5 5.c4 Ngf6 6.d4 e4 7.Ne1 Be7 8.Nc3 O-O
9.Nc2 Nb6 10.c5 Nbd7 11.b4 Re8 12.b5 Nf8 13.bxc6 bxc6 14.Nb4 Bd7 15.Qa4 Qc8
16.Rb1 Ng6 17.Qa6 Qc7 18.Bg5 h6 19.Bxf6 Bxf6 20.e3 Ne7  1/2-1/2

[Event "Open"]
[Site "Pune IND"]
[Date "2004.09.09"]
[Round "7"]
[White "Sharma,RP"]
[Black "Safin,S"]
[Result "0-1"]
[WhiteElo "2354"]
[BlackElo "2466"]

1.Nf3 d5 2.g3 Bg4 3.Bg2 c6 4.d3 Nf6 5.b3 Nbd7 6.Bb2 e6 7.Nbd2 Bd6 8.O-O O-O
9.h3 Bh5 10.Qe1 e5 11.e4 Re8 12.Nh4 Qc7 13.Bf3 Bxf3 14.Nhxf3 b5 15.Qe2 a5
16.a3 d4 17.Rfc1 Qb7 18.c3 c5 19.Rab1 Nb6 20.Ne1 Qe7 21.c4 bxc4 22.Nxc4 Nxc4
23.bxc4 Rab8 24.Ba1 Qd7 25.Kg2 Qa4 26.Qa2 Nd7 27.Nc2 Be7 28.Rxb8 Rxb8 29.Rb1 g5
30.Rxb8+ Nxb8 31.Qb1 Nd7 32.Kf1 h5 33.Ke2 h4 34.f4 Nf8 35.Bb2 Qb3 36.Na1 Qb7
37.Qc2 Qd7 38.g4  0-1

[Event "TCh-CRO w"]
[Site "Rabac CRO"]
[Date "2004.09.09"]
[Round "5"]
[White "Belamaric,T"]
[Black "Repkova,E"]
[Result "0-1"]
[WhiteElo "2113"]
[BlackElo "2411"]

1.Nf3 d5 2.g3 Nf6 3.Bg2 e6 4.O-O Be7 5.b3 c5 6.d4 cxd4 7.Nxd4 e5 8.Nf3 Nc6
9.Bb2 Qc7 10.Nc3 d4 11.Nb5 Qa5 12.a4 O-O 13.Na3 Be6 14.Nd2 Bd5 15.Nac4 Qc7
16.e4 dxe3 17.Nxe3 Bxg2 18.Kxg2 Rad8 19.Qe2 Nd4 20.Bxd4 exd4 21.Nec4 Bb4
22.Rad1 Rfe8 23.Qd3 a6 24.Nf3 Bc3 25.Ncd2 Qc6 26.Qc4 Qxc4 27.bxc4 Rc8 28.Rfe1 Kf8
29.Rxe8+ Nxe8 30.Nb3 Rxc4 31.Nfxd4 Rxa4 32.Ne2 Rc4 33.Rd7 b6 34.Nf4 Rc7 35.Rd8 Rb7
36.Nd5 Bb2 37.Nd2 Ba3 38.Nc4 Bc5 39.Ne5 f6 40.Nd7+ Kf7 41.Nxc5 bxc5 42.Rc8 a5
43.Rxc5 Ra7 44.Rc3 Ke6 45.Nb6 Nd6 46.Re3+ Kf7 47.Ra3 Ra6 48.Na4 Rc6 49.c3 Ne4
50.Kf3 f5 51.Ke2 Re6 52.Kf3 Rd6 53.Nb2 Rd2 54.Nc4 Rxf2+ 55.Ke3 Rxh2 56.Rxa5 Kf6
57.g4 Rh3+ 58.Kd4 g6 59.gxf5 gxf5 60.Ne3 Ng3 61.Ra7  0-1

[Event "TCh-CRO"]
[Site "Rabac CRO"]
[Date "2004.09.09"]
[Round "5"]
[White "Stevic,H"]
[Black "Gyimesi,Z"]
[Result "1/2-1/2"]
[WhiteElo "2541"]
[BlackElo "2618"]

1.Nf3 d5 2.g3 Nf6 3.Bg2 c6 4.O-O Bg4 5.d3 Nbd7 6.Nbd2 e5 7.h3 Bh5 8.e4 dxe4
9.dxe4 Bc5 10.c3 O-O 11.Qc2 a5 12.a4  1/2-1/2

[Event "TCh-CRO"]
[Site "Rabac CRO"]
[Date "2004.09.09"]
[Round "5"]
[White "Movsesian,S"]
[Black "Pavasovic,D"]
[Result "0-1"]
[WhiteElo "2646"]
[BlackElo "2592"]

1.Nf3 d5 2.g3 Bg4 3.Bg2 Nd7 4.O-O c6 5.d3 Ngf6 6.h3 Bh5 7.Qe1 e5 8.e4 dxe4
9.dxe4 Bc5 10.Nbd2 O-O 11.Nc4 Re8 12.a4 a5 13.Bd2 b6 14.Kh1 Qe7 15.Nh4 Bg6
16.Qe2 Rad8 17.Rad1 Qe6 18.g4 Nf8 19.Nf5 h5 20.b3 hxg4 21.hxg4 N8h7 22.Bh3 Bxf5
23.exf5 Qe7 24.g5 Rxd2 25.Qxd2 Ne4 26.Qd7 Qxd7 27.Rxd7 Nhxg5 28.Bg2 Nxf2+
29.Kh2 e4 30.Re1 Ng4+ 31.Kg3 Nf6 32.Rb7 Nd5 33.Kg4 f6 34.Rd7 Bf2 35.Nd6 Bxe1
36.Nxe8 Ne3+ 37.Kh5 Nxg2 38.Nxg7 Nf4+ 39.Kg4 Nd5 40.Nh5 Bc3  0-1

[Event "1st Kalamaria Open"]
[Site "Thessaloniki GRE"]
[Date "2004.09.09"]
[Round "7"]
[White "Belov,Vl"]
[Black "Halkias,S"]
[Result "1/2-1/2"]
[WhiteElo "2532"]
[BlackElo "2533"]

1.Nf3 d5 2.g3 e6 3.Bg2 Nf6 4.O-O Be7 5.d3 O-O 6.Nbd2 b5 7.e4 Bb7 8.e5 Nfd7
9.Re1 c5 10.h4 Nc6 11.Nf1 Qc7 12.Bf4 d4 13.N1h2 Nb6 14.Ng5 Nd5 15.Qh5 Bxg5
16.hxg5 Nce7 17.Bd2 Ng6 18.Ng4 Rae8 19.Re2 Nde7 20.Be4  1/2-1/2

[Event "TCh-SCG Women"]
[Site "Budva SCG"]
[Date "2004.09.10"]
[Round "3"]
[White "Chelushkina,I"]
[Black "Vujic Katanic,B"]
[Result "1-0"]
[WhiteElo "2373"]
[BlackElo "2124"]

1.g3 d5 2.Nf3 Nf6 3.Bg2 c6 4.O-O Bf5 5.d3 Nbd7 6.Nbd2 e6 7.Qe1 Be7 8.e4 Bg4
9.h3 Bxf3 10.Nxf3 dxe4 11.dxe4 e5 12.Nh4 O-O 13.Nf5 Ne8 14.Qe2 Nd6 15.Nxe7+ Qxe7
16.a4 Rfe8 17.Be3 Nf8 18.Rfd1 Ne6 19.Ra3 c5 20.Rad3 Nd4 21.Bxd4 exd4 22.c3 Nf5
23.Qf3 c4 24.R3d2 dxc3 25.Qxc3 Nh6 26.Qxc4 Rec8 27.Qb3 Rc7 28.Qe3 f6 29.Qb3+ Nf7
30.a5 Kf8 31.e5 Re8 32.exf6 gxf6 33.Qa4 Ne5 34.Qf4 Nc4 35.Qh6+ Qg7 36.Qxg7+ Rxg7
37.Rd5 Nxb2 38.R1d4 Rc7 39.Rf5 Re6 40.Rb4 Nc4 41.Bd5 Re1+ 42.Kg2 Nxa5 43.Rxf6+ Kg7
44.Rf5 Kg6 45.Rf8 Rg7 46.Rg4+ Kh6 47.Rh4+ Kg6 48.Be4+ Rxe4 49.Rxe4 b5 50.Re6+  1-0

[Event "TCh-CRO"]
[Site "Rabac CRO"]
[Date "2004.09.10"]
[Round "6"]
[White "Tratar,M"]
[Black "Muse,M"]
[Result "1/2-1/2"]
[WhiteElo "2449"]
[BlackElo "2448"]

1.Nf3 d5 2.g3 Nc6 3.Bg2 e5 4.d3 f6 5.O-O Be6 6.Nc3 Qd7 7.e4 Nge7 8.exd5 Nxd5
9.Nxd5 Bxd5 10.Be3 O-O-O 11.a3 Nd4 12.Bxd4 exd4 13.Re1 g5 14.Nd2 Bxg2 15.Kxg2 g4
16.Nc4 Bh6 17.f4 Rhe8 18.Qd2 Qd5+ 19.Kg1 Bf8  1/2-1/2

[Event "1st Kalamaria Open"]
[Site "Thessaloniki GRE"]
[Date "2004.09.10"]
[Round "8"]
[White "Stamenkov,V"]
[Black "Mastrovasilis,D"]
[Result "0-1"]
[WhiteElo "2400"]
[BlackElo "2568"]

1.Nf3 d5 2.g3 c6 3.Bg2 Nf6 4.b3 Bg4 5.Bb2 Nbd7 6.d3 e6 7.O-O Bd6 8.Nbd2 O-O
9.h3 Bh5 10.Qe1 e5 11.e4 Re8 12.Nh4 Qc7 13.Nf5 Bc5 14.Kh1 Rad8 15.a3 a5 16.f4 dxe4
17.dxe4 Bg6 18.Nh4 exf4 19.gxf4 Nd5 20.Nxg6 hxg6 21.Nc4 b5 22.Ne5 Nxe5 23.exd5 Nf3
24.Qc3 Bd4 25.Qxf3 Bxb2 26.Ra2 Bf6 27.c4 cxd5 28.cxb5 Qc5 29.a4 Re3 30.Qd1 Rde8
31.Rc2 Bc3 32.b6 d4 33.b7 d3 34.Rc1 Qb4 35.Qg4 d2 36.Rcd1 Re1 37.Qc8 Kh7
38.f5 Rxd1 39.fxg6+ fxg6  0-1

[Event "TCh-CRO w"]
[Site "Rabac CRO"]
[Date "2004.09.11"]
[Round "7"]
[White "Cosma,E"]
[Black "Repkova,E"]
[Result "1/2-1/2"]
[WhiteElo "2358"]
[BlackElo "2411"]

1.Nf3 d5 2.g3 e6 3.d4 Nf6 4.Bg2 Be7 5.O-O O-O 6.c4 dxc4 7.Qc2 a6 8.a4 Nc6
9.Qxc4 Qd5 10.Nbd2 Rd8 11.Qxd5 exd5 12.Nb3 Bf5 13.Bf4 Rac8 14.Rfc1 Ne4 15.Ne1 Bf6
16.Nd3 Nxd4 17.Nxd4 Bxd4 18.Bxc7 Re8 19.Ba5 Rxc1+ 20.Rxc1 Nxf2 21.Nxf2 Rxe2
22.Rd1 Bxf2+ 23.Kf1 Rc2 24.Rxd5 g6 25.Bc3 Bb6 26.a5 Rc1+ 27.Ke2 Bg4+ 28.Kd2 Rd1+
29.Kc2 Rxd5 30.Bxd5 Bg1 31.Bxb7 Be2 32.h4 Bf2  1/2-1/2

[Event "TCh-SCG Women"]
[Site "Budva SCG"]
[Date "2004.09.12"]
[Round "5"]
[White "Tanaskovic,S"]
[Black "Kezele,T"]
[Result "1/2-1/2"]
[WhiteElo "2015"]
[BlackElo "2005"]

1.Nf3 d5 2.g3 g6 3.Bg2 Bg7 4.d4 c6 5.c4 dxc4 6.O-O Nf6 7.Ne5 O-O 8.Nxc4 Nbd7
9.Nc3 Re8 10.f4 Nb6 11.Ne5 Nfd5 12.e4 Nc7 13.f5 Bxe5 14.dxe5 Qxd1 15.Nxd1 Nc4
16.e6 fxe6 17.fxg6 hxg6 18.b3 Nd6 19.e5 Nf7 20.Bb2 Nd5 21.Re1  1/2-1/2

[Event "TCh-SCG Men"]
[Site "Budva SCG"]
[Date "2004.09.12"]
[Round "5"]
[White "Drasko,M"]
[Black "Marjanovic,Slavo"]
[Result "1/2-1/2"]
[WhiteElo "2471"]
[BlackElo "2470"]

1.Nf3 d5 2.g3 c5 3.Bg2 Nc6 4.O-O Nf6 5.c4 e6 6.cxd5 exd5 7.d4 Be7 8.dxc5 Bxc5
9.Bg5 O-O 10.Nc3 d4 11.Bxf6 Qxf6 12.Nd5 Qd8 13.Ne1 Re8 14.Nd3 Bf8 15.a3 a5
16.Rc1 a4 17.Re1 Ra5 18.e4 dxe3 19.Nxe3 Nd4 20.Nf4 Bc5 21.Bd5 b6 22.Rc4 Nf5
23.Nxf5  1/2-1/2

[Event "TCh-CRO w"]
[Site "Rabac CRO"]
[Date "2004.09.12"]
[Round "8"]
[White "Djeno,S"]
[Black "Ascic,I"]
[Result "1/2-1/2"]
[WhiteElo "2034"]
[BlackElo "2045"]

1.Nf3 d5 2.g3 g6 3.Bg2 Bg7 4.d3 e5 5.Nbd2 Ne7 6.e4 d4 7.O-O c5 8.a4 Nbc6
9.Nc4 O-O 10.Ne1 f5 11.f4 fxe4 12.dxe4 Be6 13.Nxe5 Bxe5 14.fxe5 Rxf1+ 15.Bxf1 Nxe5
16.Nd3 Nxd3 17.cxd3 Nc6 18.Bh6 Ne5 19.Be2 Qe7 20.Bf4 Nf7 21.a5 Rf8 22.h4 g5
23.hxg5 Nxg5 24.Bg4 Nh3+ 25.Bxh3 Bxh3 26.Qh5 Be6 27.Kg2 Bf7 28.Qg4+ Bg6 29.Bh6 Re8
30.Bg5 Qe6 31.Qxe6+ Rxe6 32.Rc1 Rc6 33.Kf3 Kf7 34.Rc4 Ke6 35.b4 b6 36.axb6 axb6
37.Bh6 Ke7 38.Bg5+ Kd7 39.bxc5 bxc5 40.Kg4 Bf7 41.Ra4 c4 42.dxc4 Rxc4 43.Rxc4 Bxc4  1/2-1/2

[Event "TCh-SCG Women"]
[Site "Budva SCG"]
[Date "2004.09.13"]
[Round "6"]
[White "Stojanovic,An"]
[Black "Miloradovic,J"]
[Result "1/2-1/2"]
[WhiteElo "2136"]
[BlackElo "2158"]

1.Nf3 d5 2.g3 Nf6 3.Bg2 c6 4.O-O Bg4 5.d4 Nbd7 6.Nbd2 h6 7.b3 e6 8.Bb2 Be7
9.c4 O-O 10.h3 Bf5 11.Ne5 a5 12.a3 Qb8 13.Nxd7 Nxd7 14.e4 dxe4 15.Nxe4 Nf6
16.Nxf6+ Bxf6 17.Qe2 Rd8 18.Rad1  1/2-1/2

[Event "TCh-CRO"]
[Site "Rabac CRO"]
[Date "2004.09.13"]
[Round "9"]
[White "Tratar,M"]
[Black "Rezan,S"]
[Result "1/2-1/2"]
[WhiteElo "2449"]
[BlackElo "2416"]

1.Nf3 d5 2.g3 Nf6 3.Bg2 e6 4.O-O Be7 5.d4 O-O 6.c4 dxc4 7.Ne5 Nc6 8.Bxc6 bxc6
9.Nxc6 Qe8 10.Nxe7+ Qxe7 11.Qa4 a5 12.Qxc4 Ba6 13.Qc2 Rfd8 14.Rd1 e5 15.dxe5 Rxd1+
16.Qxd1 Qxe5 17.Nc3 Ne4 18.Bf4 Nxc3 19.Bxe5 Nxd1 20.Rxd1 Bxe2 21.Re1 Bc4
22.b3 Be6 23.Bxc7 a4 24.Rb1 h5 25.Bd6 Rd8 26.Bf4 Rd3 27.bxa4 Ra3 28.Ra1 Bxa2  1/2-1/2

[Event "TCh-SCG 2nd Liga"]
[Site "Sutomore SCG"]
[Date "2004.09.13"]
[Round "6"]
[White "Vulinovic,R"]
[Black "Kadic,B"]
[Result "1-0"]
[WhiteElo "2208"]
[BlackElo "1911"]

1.Nf3 d5 2.g3 g6 3.Bg2 Bg7 4.d4 Nf6 5.c4 c6 6.cxd5 cxd5 7.Nc3 O-O 8.Ne5 h6
9.O-O Nc6 10.Nxc6 bxc6 11.Bf4 Nh5 12.Be3 Kh7 13.Rc1 Bd7 14.Na4 Re8 15.Re1 Rb8
16.b3 Bf8 17.Nc5 Bc8 18.Qd2 Qb6 19.Bf3 Nf6 20.Bf4 Ra8 21.h4 Nd7 22.Na4 Qb5
23.Qc2 Bb7 24.h5 e5 25.hxg6+ fxg6 26.dxe5 Bg7 27.Bh5 Nf8 28.Nc5 Bc8 29.e6 Bxe6
30.Nxe6 Rxe6 31.Bg4 Rae8 32.Bxe6 Rxe6 33.Rcd1 Re4 34.Bc1 Ne6 35.Bb2 Bf8 36.Kg2 Ng5
37.Qc3 Nf7 38.Qf6 Qb7  1-0

[Event "2nd Saipa Cup"]
[Site "Tehran IRI"]
[Date "2004.09.15"]
[Round "3"]
[White "Mahjoob,M"]
[Black "Ghaem Maghami,E"]
[Result "1/2-1/2"]
[WhiteElo "2461"]
[BlackElo "2552"]

1.Nf3 d5 2.g3 Nf6 3.Bg2 c6 4.d3 Bf5 5.Nbd2 h6 6.O-O e6 7.Qe1 Bh7 8.e4 Be7
9.b3 O-O 10.Bb2 a5 11.Qe2 a4 12.Rab1 Na6 13.a3 axb3 14.cxb3 Nc5 15.Ne5 Nfd7
16.Nxd7 Nxd7 17.b4 Bf6 18.Nb3 Bxb2 19.Qxb2 Qb6 20.Rfc1 Rfd8 21.Ra1 Nf6 22.Nc5 Nd7
23.Nb3 Nf6 24.Nc5  1/2-1/2

[Event "2nd Saipa Cup"]
[Site "Tehran IRI"]
[Date "2004.09.15"]
[Round "3"]
[White "Moradiabadi,E"]
[Black "Ulibin,M"]
[Result "1-0"]
[WhiteElo "2435"]
[BlackElo "2586"]

1.Nf3 d5 2.g3 g6 3.Bg2 Bg7 4.c4 d4 5.d3 e5 6.O-O Ne7 7.b4 O-O 8.Nbd2 a5 9.b5 c5
10.bxc6 Nexc6 11.Ba3 Nb4 12.Ne1 Re8 13.Nc2 Bf8 14.Bb2 N8c6 15.a3 Na6 16.f4 exf4
17.Rxf4 Bh6 18.Rh4 Bg7 19.Qf1 g5 20.Bxc6 bxc6 21.Rxd4 Qb6 22.Rb1 Bg4 23.e3 Rxe3
24.Ba1 Qa7 25.Qf2 Re2 26.Rd8+ Bf8 27.Qxa7 Rxa7 28.Ne4 f5 29.Nf6+ Kf7 30.Nxg4 Bc5+
31.d4 Be7 32.Ne5+ Rxe5 33.dxe5 Bxd8 34.Nd4 Nc5 35.Nxf5 Ne6 36.Kf2 Rd7 37.Ke3 Bc7
38.Bc3 Nc5 39.Bd4 Ne6 40.Ke4 g4 41.Be3 h5 42.Nd4 Nxd4 43.Bxd4 Ke6 44.Rf1 Bd8
45.Rf8 Be7 46.Rh8 Bxa3 47.Rh6+ Ke7 48.e6 Rc7 49.Bf6+ Ke8 50.Rxh5 Bb4 51.Rh8+ Bf8
52.e7 Rxe7+ 53.Bxe7 Kxe7 54.Rg8 a4 55.Kd3 a3 56.Kc3  1-0

[Event "TCh-SCG Men"]
[Site "Budva SCG"]
[Date "2004.09.17"]
[Round "9"]
[White "Vukic,M"]
[Black "Todorovic,GM"]
[Result "1/2-1/2"]
[WhiteElo "2483"]
[BlackElo "2540"]

1.Nf3 d5 2.g3 c5 3.Bg2 Nc6 4.c4 d4 5.d3 e5 6.O-O f6 7.e3 Bg4 8.exd4 cxd4
9.a3 a5 10.h3 Be6 11.Re1 Qd7 12.Kh2 a4 13.Nbd2 Nh6 14.b4 axb3 15.Qxb3 Nf7
16.a4 Be7 17.Ba3 O-O 18.Reb1  1/2-1/2

[Event "TCh-SCG Men"]
[Site "Budva SCG"]
[Date "2004.09.18"]
[Round "10"]
[White "Ivanisevic,I"]
[Black "Lazic,Mi"]
[Result "1-0"]
[WhiteElo "2544"]
[BlackElo "2471"]

1.Nf3 d5 2.g3 g6 3.Bg2 Bg7 4.d4 Nf6 5.c4 dxc4 6.Na3 c3 7.bxc3 O-O 8.O-O c5
9.e3 Qc7 10.Nb5 Qa5 11.a4 a6 12.Na3 Qc7 13.Qe2 Bd7 14.Nc4 Bc6 15.Nce5 Be4
16.Bh3 Nbd7 17.Nxd7 Nxd7 18.Rd1 c4 19.a5 b5 20.axb6 Nxb6 21.Ne1 e5 22.f3 Bc6
23.e4 exd4 24.cxd4 f5 25.Bf4 Qb7 26.Rab1 Bb5 27.exf5 Rae8 28.Be5 gxf5 29.f4 Qd7
30.Nf3 Nd5 31.Rbc1 Nb4 32.Ne1 Nd3 33.Nxd3 cxd3 34.Qa2+ Rf7 35.Rc7 Qxc7 36.Bxc7 Bxd4+
37.Kh1 Bc6+ 38.Bg2 d2 39.Qxd2  1-0

[Event "Tch-FIN 2004-5"]
[Site "Finland FIN"]
[Date "2004.09.18"]
[Round "1"]
[White "Keskinen,S"]
[Black "Parkkinen,J"]
[Result "1-0"]
[WhiteElo "2215"]
[BlackElo "2261"]

1.Nf3 d5 2.g3 Nc6 3.Bg2 e5 4.d3 Nf6 5.O-O Be7 6.c3 Bg4 7.Nbd2 Qd7 8.b4 a6
9.e4 O-O 10.Re1 Rfe8 11.Bb2 dxe4 12.dxe4 Rad8 13.Qe2 Qd3 14.Nc4 Qxe2 15.Rxe2 Rd3
16.Re3 Rxe3 17.Nxe3 Be6 18.Ng5 Rd8 19.Nxe6 fxe6 20.Rd1 Rxd1+ 21.Nxd1 Nd7
22.Bc1 Kf7 23.Bf1 Nb6 24.Nb2 h6 25.Be3 Nd7 26.a4 Bg5 27.Bxg5 hxg5 28.Nc4 Kf6
29.f3 Nb6 30.Nxb6 cxb6 31.b5 axb5 32.Bxb5 Na5 33.Kf2 Nb3 34.h3 Nc5 35.Ke3 Ke7
36.Kd2 Kd6 37.Kc2 Na6 38.Kb2 Kc5 39.Bd7 Kd6 40.Bb5 Kc5 41.Be8 Nc7 42.Bf7 b5
43.a5 b6 44.a6 Nxa6 45.Bxe6 Nc7 46.Bf7 Na6 47.Be6 Nc7 48.Bd7 Kd6 49.Bc8 Kc5
50.h4 gxh4 51.gxh4 Ne8 52.Be6 Nc7 53.Bf7 Na6 54.Bd5 Nc7 55.Bf7 Na6 56.Be6 Kc6
57.Kc2 Nc7 58.Bf7 Kc5 59.Kd3  1-0

[Event "3rd Autumn"]
[Site "Alushta UKR"]
[Date "2004.09.19"]
[Round "14"]
[White "Vokarev,S"]
[Black "Alexandrova,O"]
[Result "1-0"]
[WhiteElo "2529"]
[BlackElo "2423"]

1.g3 d5 2.Nf3 Nf6 3.Bg2 Bg4 4.O-O Nbd7 5.d3 c6 6.c4 e5 7.cxd5 cxd5 8.Qb3 Nc5
9.Qc2 Ncd7 10.h3 Bh5 11.Qb3 Nc5 12.Qb5+ Qd7 13.Nc3 Bxf3 14.Bxf3 Qxb5 15.Nxb5 Ne6
16.Bd2 Be7 17.Rfc1 Kd7 18.Nc3 Bb4 19.a3 Bxc3 20.Bxc3 Nd4 21.Bxd4 exd4 22.Rc5 b6
23.Rb5 Kd6 24.Rb4 Ke5 25.Bg2 g5 26.a4 Rab8 27.Rf1 Nh5 28.Re1 f5 29.Rb5 Nf6
30.e3 dxe3 31.Rxe3+ Kd6 32.Rf3 Ke6 33.d4 Rhe8 34.a5 bxa5 35.Rxa5 Rxb2 36.Re3+ Kf7
37.Rxa7+ Kf8 38.Re5 Rxe5 39.dxe5 Ne4 40.e6 Rb6 41.Rf7+ Ke8 42.Rxf5 Rxe6 43.Bxe4 dxe4
44.Rxg5 Kf7 45.Kf1 e3 46.f3 e2+ 47.Ke1 Re3 48.Rg4 Kf6 49.Rf4+ Kg6 50.h4 Kg7
51.Rf5 Kh6 52.g4 Kg7 53.h5 h6 54.Rf4 Kg8 55.Rf6 Kh7 56.f4 Re4 57.Rf5 Kg8
58.g5 hxg5 59.fxg5 Kg7 60.Rf6 Re5 61.h6+ Kh7 62.Rf7+ Kg8 63.g6 Re8 64.h7+ Kh8
65.g7+ Kxh7 66.Rf8  1-0

[Event "TCh-SCG Women"]
[Site "Budva SCG"]
[Date "2004.09.19"]
[Round "11"]
[White "Stojanovic,An"]
[Black "Paramentic,M"]
[Result "1-0"]
[WhiteElo "2136"]
[BlackElo "2007"]

1.Nf3 d5 2.g3 Nf6 3.Bg2 e6 4.O-O Be7 5.d4 O-O 6.b3 Nbd7 7.Bb2 c6 8.c4 b6
9.Nbd2 Bb7 10.Rc1 Rc8 11.e3 Qc7 12.Qe2 Qb8 13.Rfe1 Rfd8 14.a3 c5 15.Bh3 dxc4
16.bxc4 Rc7 17.Red1 Bc6 18.Ne5 Nxe5 19.dxe5 Ne4 20.Nb1 Ng5 21.Bg2 Bxg2 22.Kxg2 Qb7+
23.f3 h6 24.Rxd8+ Bxd8 25.h4 Nh7 26.Nc3 Rd7 27.Rd1 Be7 28.Rd3 Qc7 29.Ne4 Qd8
30.Rxd7 Qxd7 31.Qd2 Qxd2+ 32.Nxd2 Bd8 33.f4 Nf8 34.Kf3 Nd7 35.Ke4 Kf8 36.h5 Ke7
37.Bc3 Bc7 38.Nf3 a6 39.a4 Nb8 40.g4 Nd7 41.Be1 Nb8 42.Bh4+ Kf8 43.Be1 Nc6
44.Bc3 Na7 45.Kd3 b5 46.axb5 axb5 47.cxb5 Nxb5 48.Bb2 Bb6 49.Kc4 Nc7 50.Ba3 Nd5
51.Bc1 Nb4 52.Kb5 Bd8 53.Kc4 Be7 54.Nd2 Nd5 55.Ne4 Nb6+ 56.Kb5 Nd7 57.Ba3 Ke8
58.Nxc5 Nb8 59.Bb4 Bh4 60.Ne4 Be7 61.Bxe7 Kxe7 62.Nc5 Kd8 63.Kb6 Kc8 64.e4 Kd8
65.g5 Kc8 66.f5 hxg5 67.f6  1-0

[Event "Tch-FIN 2004-5"]
[Site "Finland FIN"]
[Date "2004.09.19"]
[Round "2"]
[White "Kytoniemi,J"]
[Black "Parkkinen,J"]
[Result "1-0"]
[WhiteElo "2295"]
[BlackElo "2261"]

1.Nf3 d5 2.g3 Nc6 3.d4 Bg4 4.Bg2 Qd7 5.h3 Bf5 6.Bf4 O-O-O 7.g4 Bg6 8.Nh4 e6
9.Nxg6 hxg6 10.Nc3 Bd6 11.Bxd6 Qxd6 12.Qd2 Nf6 13.O-O-O Rhe8 14.e3 Qb4 15.a3 Qa5
16.g5 Nd7 17.Ne2 Qxd2+ 18.Rxd2 Ne7 19.Ng3 Rh8 20.f4 Rh4 21.b3 Nf5 22.Nxf5 gxf5
23.c4 c6 24.Rg1 g6 25.c5 Kc7 26.b4 b6 27.Ra2 a5 28.Kc2 Ra8 29.Rga1 a4 30.cxb6+ Nxb6
31.Kd3 Nc4 32.Rc2 Ra6 33.Rxc4 dxc4+ 34.Kxc4 Kd6 35.Rc1 Ra7 36.Kd3 Rh8 37.Rxc6+ Kd7
38.Rc5 Rc8 39.Kc4 Rb8 40.b5 Kd6 41.Rc6+ Kd7 42.Kb4 Rc7 43.Rxc7+ Kxc7 44.Kxa4 Kb6
45.Kb4 Rc8 46.a4 Rc2 47.a5+ Ka7 48.Bc6 Rc1 49.Be8 Re1 50.Bxf7 Rxe3 51.Bxg6 Re4
52.Bf7 e5 53.g6 exd4 54.g7 d3+ 55.Kc3 Rd4 56.Kxd4  1-0

[Event "Georgiev-Kesarovski Mem"]
[Site "Sunny Beach BUL"]
[Date "2004.09.21"]
[Round "5"]
[White "Janachkov,A"]
[Black "Stoinev,M"]
[Result "0-1"]
[WhiteElo "2227"]
[BlackElo "2296"]

1.Nf3 d5 2.g3 Nf6 3.Bg2 c6 4.O-O Bf5 5.b3 e6 6.Bb2 Bc5 7.d3 h6 8.Nbd2 O-O
9.Qe1 a5 10.a3 Bh7 11.e4 Nbd7 12.h3 Ba7 13.Rd1 Nc5 14.Ne5 Qc7 15.Qe2 Rfd8
16.Kh2 dxe4 17.dxe4 Nfd7 18.Ndc4 b5 19.Nxd7 Rxd7 20.Ne5 Rxd1 21.Rxd1 f6 22.Nd3 e5
23.Nxc5 Bxc5 24.a4 Rd8 25.Rxd8+ Qxd8 26.axb5 cxb5 27.Bf3 Bg6 28.Kg2 Qb6 29.h4 Bf7
30.Bg4 a4 31.bxa4 bxa4 32.Bc3 a3 33.Bh5 Bxh5 34.Qxh5 Qc6 35.Qf3 Bf8 36.Qd3 Kh7
37.h5 Qa4 38.f3 Bc5 39.Ba1 a2 40.Kh3 Bd4 41.c3 Qb3 42.Qa6 Bxc3 43.Bxc3 Qxc3
44.Qxa2 Qxf3 45.Qd5 Qxh5+ 46.Kg2 Qe2+ 47.Kh3 Qf3 48.Kh2 h5 49.Qf7 Kh6 50.Qd5 Qe3
51.Qb7 Qe1 52.Kg2 Qe2+ 53.Kh3 Qf3 54.Kh2 h4 55.gxh4 Qg4 56.Qa8 Qxh4+ 57.Kg2 Qg4+
58.Kh1 Kg5 59.Qd5 Kh4 60.Qc4 Kg3  0-1

[Event "Premier League"]
[Site "Belgrade SCG"]
[Date "2004.09.25"]
[Round "1"]
[White "Simic,R"]
[Black "Mirkovic,Sl"]
[Result "1/2-1/2"]
[WhiteElo "2414"]
[BlackElo "2374"]

1.Nf3 d5 2.g3 Nf6 3.Bg2 g6 4.d4 Bg7 5.O-O O-O 6.c3 c6 7.Nbd2 Nbd7 8.Re1 Re8
9.e4 dxe4 10.Nxe4 Nxe4 11.Rxe4 Nf6 12.Re1 Bf5 13.Bf4 Nd5 14.Bd2 Qb6 15.Qb3 a5
16.Ne5 a4 17.Qa3 Qd8 18.Rad1 Bc2 19.Rc1 Bf5 20.c4 Nf6 21.Bc3 Ng4 22.Nxg4 Bxg4
23.d5 Bxc3 24.Rxc3 cxd5 25.cxd5 Bd7 26.Rce3 Rc8 27.h4 Qb6 28.h5 Rc2 29.b3 axb3
30.Qxb3 Qxb3 31.axb3 Kf8 32.h6 b5 33.Bf3 e6 34.Bg4 Rb2 35.Kg2 Bc8 36.dxe6 Bxe6
37.Bxe6 Rxe6 38.Rxe6 fxe6 39.Rxe6 Rxb3 40.Rf6+ Kg8 41.Rb6 b4 42.Rb8+ Kf7
43.Rb7+ Kg8 44.g4 Rb1 45.g5 Rd1 46.Rb8+ Kf7 47.Rh8 Ke6  1/2-1/2

[Event "Premier League"]
[Site "Belgrade SCG"]
[Date "2004.09.25"]
[Round "1"]
[White "Mihic,B"]
[Black "Bakic,R"]
[Result "0-1"]
[WhiteElo "2346"]
[BlackElo "2392"]

1.Nf3 d5 2.g3 g6 3.Bg2 Bg7 4.O-O Nf6 5.d3 O-O 6.Nbd2 Nc6 7.c4 e5 8.cxd5 Nxd5
9.Nc4 Re8 10.Qb3 Nd4 11.Nxd4 exd4 12.e4 dxe3 13.fxe3 Be6 14.Qxb7 Rb8 15.Qxa7 Nb4
16.Na5 Qxd3 17.Nc6 Nxc6 18.Bxc6 Bh3 19.Bg2 Bxg2 20.Kxg2 Qc2+ 21.Rf2 Qc6+  0-1

[Event "TCh-Vojvodina"]
[Site "Sombor SCG"]
[Date "2004.09.25"]
[Round "1"]
[White "Vlahovic,B"]
[Black "Jovic,Ste"]
[Result "0-1"]
[WhiteElo "2389"]
[BlackElo "2080"]

1.Nf3 d5 2.g3 c6 3.Bg2 Nf6 4.b3 Bf5 5.Bb2 Nbd7 6.O-O e6 7.d3 h6 8.Nbd2 Be7
9.e4 Bg6 10.Qe2 O-O 11.e5 Ne8 12.h4 Nc7 13.Nh2 a5 14.h5 Bh7 15.a3 a4 16.b4 c5
17.bxc5 Bxc5 18.d4 Be7 19.c4 Nb6 20.cxd5 Nbxd5 21.Rfc1 Qd7 22.Be4 Rfc8 23.Bxh7+ Kxh7
24.Rab1 b5 25.Ne4 Na6 26.Nf1 Rxc1 27.Bxc1 Nac7 28.Ne3 Nxe3 29.Bxe3 Rb8 30.Nc3 Bxa3
31.Nxa4 Kg8 32.Qg4 Kf8 33.Rb3 Qd5 34.Qd1 Be7 35.Qb1 Kg8 36.Nc3 Qc4 37.Ne4 Nd5
38.Qd1 Ra8 39.Nd2 Qc6 40.Qf3 b4 41.Rb1 Qc2 42.Qe4 Qc8 43.Rb3 Ra1+ 44.Kg2 Qa6
45.Rb1 Rxb1 46.Nxb1 b3 47.Bd2 Qc4 48.Qg4 Kf8 49.Qe4 Qc2 50.Kf3 Qd1+ 51.Kg2 Kg8
52.Ba5 Bg5 53.Be1 Bc1 54.Ba5 Bb2 55.Nd2 Qc2 56.Qf3 Bc3 57.Bxc3 Nxc3 58.Qa8+ Kh7
59.Nxb3 Qxb3 60.Qa7 Qd5+ 61.Kg1 Qf3 62.Qc7 Ne2+  0-1

[Event "TCh-BEL 2004-5"]
[Site "Belgium BEL"]
[Date "2004.09.26"]
[Round "2"]
[White "Lahaye,R"]
[Black "Tiggelman,R"]
[Result "1/2-1/2"]
[WhiteElo "2334"]
[BlackElo "2172"]

1.Nf3 d5 2.g3 Nf6 3.Bg2 Bf5 4.c4 c6 5.cxd5 cxd5 6.Qb3 Qb6 7.Qxb6 axb6 8.Nc3 Nc6
9.d3 e6 10.O-O Be7 11.Be3 Nd7 12.Nd4 Nxd4 13.Bxd4 O-O 14.e4 dxe4 15.dxe4 Bg6
16.f4 e5 17.Nd5 Bd8 18.Bc3 f6 19.Rad1 Nc5 20.fxe5 fxe5 21.Rxf8+ Kxf8 22.Bxe5 Bxe4
23.Bd6+ Kf7 24.Bh3 Bxd5 25.Rxd5 Bf6 26.b4 Ne4 27.Be5 Rxa2 28.Rd7+ Kg6 29.Bxf6 Kxf6
30.Rxb7 Ra1+ 31.Kg2 Ra2+ 32.Kf3 Ng5+ 33.Kg4 h5+ 34.Kh4 Nf3+ 35.Kxh5 Rxh2
36.Rxb6+ Kf7 37.Kg4 Ne5+ 38.Kf5 Rxh3 39.Rb7+ Kg8 40.Kxe5 Rxg3 41.b5 Rb3 42.b6 g5
43.Kd6 g4 44.Kc6 g3 45.Re7 g2 46.Re1 Kf7 47.b7 Kf6 48.Rg1 Rc3+ 49.Kd7 Rd3+
50.Kc8 Rc3+ 51.Kb8 Rg3 52.Ka7 Ra3+ 53.Kb6 Rb3+ 54.Ka6 Ra3+ 55.Kb5 Rb3+  1/2-1/2